| 000 | 00972nam a22002177a 4500 | ||
|---|---|---|---|
| 999 |
_c2071 _d2071 |
||
| 003 | AR-CdUCM | ||
| 008 | 190301b ||||| |||| 00| 0 spa d | ||
| 040 |
_aMUNICIPALIDAD PROVINCIAL DEL CUSCO _cBIBLIOTECA MUNICIPAL DEL CUSCO |
||
| 082 |
_a372.12 / _bL67 |
||
| 100 |
_aLindeman, Richard H. _97483 |
||
| 245 | _aTratado de medición educacional / | ||
| 260 |
_aMéxico, D.F : _bCentro Regional de Ayuda Técnica, Agencia para el Desarrollo Internacional, _c1971. |
||
| 300 |
_a222 paginas ; _c20 cm. |
||
| 505 | _aNaturaleza y alcance de la medición educacional -- Estadística básica -- Como evaluar la calidad de un instrumento de medición -- Construcción y análisis de tesis de rendimiento escolar --Otras medidas del progreso del alumno ... | ||
| 650 |
_aEducación _9460 |
||
| 650 |
_aLa medición _97484 |
||
| 650 |
_aTest _97485 |
||
| 700 |
_aRissech de Wiñar, Elvira (traductora al castellano) _97486 |
||
| 942 |
_2ddc _cLIBROS |
||
| 945 |
_arum _d2019-03-01 |
||